00780cam a2200217 a 450000100100000000500170001000800410002704000290006805000160009708200150011310000320012824500420016026000620020230000310026465000480029565000400034391000340038304900090041795201190042699900170054500001818320200929165405.0810623s1942 nyua 001 0 eng d aDO-SdBNPbengcLCdBNPHU00aD767.2b.B7 ann*bB845b1 aBrett, Homer,d1877-93939110aBlueprint for victory /cHomer Brett. aNew York :aLondon :bD. Appleton-Century Company,c1942. av, 215 p. :bil. ;c20 cm. 0aWorld war, 1939-1945zUnited States.939392 0aWorld war, 1939-1945zJapan.939088 aCatalogación por copia / LC aBNGR 001054708MOaGRbGRcCTd2010-04-20iLF1l0onn* B845bp18183-10r2020-06-25w2020-06-25y4ZPréstamo en sala c17704d17704